The Indo-Pak clash in the rann of kutch (Record no. 551971)
[ view plain ]
| 000 -LEADER | |
|---|---|
| fixed length control field | 00434nam a22001457a 4500 |
| 082 ## - DEWEY DECIMAL CLASSIFICATION NUMBER | |
| Classification number | 954.9045 |
| Author Mark | SAE |
| -- | L-30, P-106 |
| 100 ## - MAIN ENTRY--PERSONAL NAME | |
| Personal name | Saeed Ahmed |
| 9 (RLIN) | 49141 |
| 245 ## - TITLE STATEMENT | |
| Title | The Indo-Pak clash in the rann of kutch |
| Statement of responsibility, etc. | Saeed Ahmed |
| 260 ## - PUBLICATION, DISTRIBUTION, ETC. | |
| Place of publication, distribution, etc. | Rawalpindi |
| Name of publisher, distributor, etc. | Ferozsons |
| Date of publication, distribution, etc. | 1973 |
| 300 ## - PHYSICAL DESCRIPTION | |
| Extent | ii, p- 149 |
| Other physical details | ill, |
| Dimensions | 15cm |
| 526 ## - STUDY PROGRAM INFORMATION NOTE | |
| Program name | 0 |
| Interest level | 0 |
| Reading level | 0 |
| Title point value | 954_904500000000000_SAE |
| 526 ## - STUDY PROGRAM INFORMATION NOTE | |
| Program name | 0 |
| Interest level | 0 |
| Reading level | 0 |
| Title point value | 954_904500000000000_SAE |
| 650 ## - SUBJECT ADDED ENTRY--TOPICAL TERM | |
| Topical term or geographic name entry element | MCE |
| 9 (RLIN) | 379 |
| 942 ## - ADDED ENTRY ELEMENTS (KOHA) | |
| Source of classification or shelving scheme | |
| Koha item type | Book |
| Withdrawn status | Lost status | Source of classification or shelving scheme | Damaged status | Not for loan | Permanent Location | Current Location | Date acquired | Total Checkouts | Full call number | Barcode | Date last seen | Price effective from | Koha item type | Date last checked out |
|---|---|---|---|---|---|---|---|---|---|---|---|---|---|---|
| Military College of Engineering (MCE) | Military College of Engineering (MCE) | 01/02/2015 | 954.9045 SAE | MCE-3572 | 01/02/2015 | 01/02/2015 | Book | |||||||
| Military College of Engineering (MCE) | Military College of Engineering (MCE) | 01/07/2015 | 1 | 954.9045 SAE | MCE-26972/1 | 11/18/2020 | 01/07/2015 | Book | 11/06/2020 |
